Die Lohnstruktur in der Volksrepublik China (Record no. 7027)
[ view plain ]
| 000 -LEADER | |
|---|---|
| fixed length control field | 00424nam a22001937i 4500 |
| 001 - CONTROL NUMBER | |
| control field | 8407 |
| 003 - CONTROL NUMBER IDENTIFIER | |
| control field | OSt |
| 005 - DATE AND TIME OF LATEST TRANSACTION | |
| control field | 20170126082410.0 |
| 007 - PHYSICAL DESCRIPTION FIXED FIELD--GENERAL INFORMATION | |
| fixed length control field | tu |
| 008 - FIXED-LENGTH DATA ELEMENTS--GENERAL INFORMATION | |
| fixed length control field | 161220s1972 xxu||||| |||| 00| 0 d |
| 020 ## - INTERNATIONAL STANDARD BOOK NUMBER | |
| International Standard Book Number | 3-85913-067-6 |
| 024 7# - OTHER STANDARD IDENTIFIER | |
| Standard number or code | 8407 |
| Source of number or code | RID |
| 040 ## - CATALOGING SOURCE | |
| Transcribing agency | OSt |
| 100 1# - MAIN ENTRY--PERSONAL NAME | |
| Personal name | Chen, Chien-jen |
| 245 00 - TITLE STATEMENT | |
| Title | Die Lohnstruktur in der Volksrepublik China |
| 260 ## - PUBLICATION, DISTRIBUTION, ETC. | |
| Place of publication, distribution, etc. | Bern : |
| Name of publisher, distributor, etc. | SOI, |
| Date of publication, distribution, etc. | 1972. |
| 300 ## - PHYSICAL DESCRIPTION | |
| Extent | 198 S. |
| 651 ## - SUBJECT ADDED ENTRY--GEOGRAPHIC NAME | |
| Geographic name | China |
| 942 ## - ADDED ENTRY ELEMENTS (KOHA) | |
| Koha item type | Book |
| Withdrawn status | Lost status | Damaged status | Not for loan | Home library | Current library | Shelving location | Date acquired | Inventory number | Total Checkouts | Full call number | Barcode | Date last seen | Price effective from | Koha item type |
|---|---|---|---|---|---|---|---|---|---|---|---|---|---|---|
| WIIW | WIIW | Souterrain | 02/21/2013 | 8407 | I-8 | 10005421 | 01/26/2017 | 01/26/2017 | Book |
